The Paris-Lexington road : (Record no. 11909)

000 -LEADER
fixed length control field 00658cam a22001814a 4500
020 ## - INTERNATIONAL STANDARD BOOK NUMBER
ISBN 1559631104 (pbk. : alk. paper)
040 ## - CATALOGING SOURCE
Transcribing agency DLC
082 00 - DEWEY DECIMAL CLASSIFICATION NUMBER
Classification number 625 ISL 2003 A040 Or.
100 1# - MAIN ENTRY--AUTHOR NAME
Personal name Schneider, Krista L.
245 14 - TITLE STATEMENT
Title The Paris-Lexington road :
Remainder of title community-based planning and context sensitive highway design /
260 ## - PUBLICATION, DISTRIBUTION, ETC. (IMPRINT)
Place of publication Washington, DC :
Name of publisher Island Press,
Year of publication 2003.
300 ## - PHYSICAL DESCRIPTION
Number of Pages 91 p. :
Other physical details col. ill. :
Dimensions 26 cm.
490 1# - SERIES STATEMENT
Series statement Land and community design case study series ;
650 #0 - SUBJECT ADDED ENTRY--TOPICAL TERM
Topical Term Roads
856 41 - ELECTRONIC LOCATION AND ACCESS
Uniform Resource Identifier http://www.loc.gov/catdir/toc/ecip042/2003007799.html
856 42 - ELECTRONIC LOCATION AND ACCESS
Uniform Resource Identifier http://www.loc.gov/catdir/enhancements/fy0631/2003007799-d.html
942 ## - ADDED ENTRY ELEMENTS (KOHA)
Koha item type សៀវភៅភាសាអង់គ្លេស
952 ## - LOCATION AND ITEM INFORMATION (KOHA)
Withdrawn status [LOCAL, KOHA] 0
Holdings
Permanent Location Date acquired Koha item type Lost status Shelving location Barcode Current Location Full call number
Library Block A2017-08-08សៀវភៅភាសាអង់គ្លេស A041A17984Library Block A625 ISL 2003 A040 Or.
មជ្ឈមណ្ឌលឯការនៃសាកលវិទ្យាល័យភូមិន្ទកសិកម្មចំការដូង

Powered by Koha